000 01251nam a22002537a 4500
999 _c6996
_d6996
005 20251125232811.0
008 s2517 th tha d
040 _aNALT
041 _atha
050 _aJQ1749 ก15ณ4 2517
100 0 _aณรงค์ สินสวัสดิ์
245 1 0 _aอุปสรรคของระบอบประชาธิปไตยไทย
260 3 _aกรุงเทพฯ :
_bโรงพิมพ์มหาวิทยาลัยธรรมศาสตร์,
_c2517
300 _a136 หน้า :
_b ตาราง ;
_c 27 ซม.
650 0 4 _aทหาร -- กิจกรรมทางการเมือง
650 0 4 _aนักศึกษา -- กิจกรรมทางการเมือง
650 0 4 _aประชาธิปไตย -- ไทย
650 0 4 _aรัฐธรรมนูญ -- ไทย
650 0 4 _aไทย -- การเมืองและการปกครอง -- กรุงรัตนโกสินทร์, 2475 -- 2516
850 _aNALT
856 4 0 _uhttps://hdl.handle.net/20.500.14156/336667
_71
942 _cGB
_2lcc
_01
998 _j111
_k นางสาวพจพิณ พรมเอี่ยม